Sad Girl - Lana Del Rey - Full Lyrics - Statistics

General Stats
  • This quiz has been taken 21 times
    20 since last reset
  • The average score is 246 of 316
Answer Stats
Hint Answer % Correct
a
100%
girl
100%
sad
100%
- | x4 I'm
94%
the
94%
on
88%
it
82%
side
82%
you
82%
and
76%
be
76%
me
76%
my
76%
seen
76%
to
76%
who
76%
bad
71%
Bonnie
71%
got
71%
he
71%
makes
71%
man
71%
what
71%
with
71%
Pre-Chorus but
65%
do
65%
haven't
65%
Chorus he's
65%
Chorus He's
65%
his
65%
like
65%
might
65%
not
65%
say
65%
would
65%
baby
59%
Verse 1 Being
59%
Verse 2 being
59%
fire
59%
fools
59%
him
59%
mistress
59%
money
59%
something
59%
talking
59%
walks
59%
Bridge watch
59%
you're
59%
appeal
53%
careful
53%
gets
53%
talks
53%
around
47%
bitch
47%
high
41%
creeping
35%
while
35%
Intro Ah, ah
12%
No matching quizzes found
Score Distribution
Percent of People with Each Score
Percentile by Number Answered
Your Score History
You have not taken this quiz since the last reset